Miasta w województwie małopolskim - Statystyki

Ogólne statystyki
  • Ten quiz został rozwiązany 85 razy
  • Średni wynik to 5 z 7
Statystyki odpowiedzi
Miasto Liczba ludności % Poprawnych
Kraków 803 282
100%
Tarnów 103 960
91%
Nowy Sącz 80 587
84%
Nowy Targ 33 103
75%
Oświęcim 36 048
70%
Chrzanów 34 387
46%
Olkusz 32 670
46%
Nie znaleziono quizów pasujących do podanych kryteriów
Rozkład punktacji
Procent ludzi z każdym wynikiem
Percentyl według liczby udzielonych odpowiedzi
Twoja historia wyników
Nie rozwiązałeś tego quizu